000 00757nam a22001937a 4500
999 _c187618
_d187618
005 20220426122619.0
010 _aUR-11526
020 _c300.00
_a9789387248526
035 _aU-10081
037 _bDBAD/PUB
_a-
082 _a840.8
_2Ist
100 _aر ضو ا نہ بيگم
245 _aطنز و مز ا ح نگا ر ی ميں فکر تو نسو ی کا حصہ
_c ر ضو ا نہ بيگم
_hا ر د و
246 _bTanz-o-Mazah Nigari Mein Fikr Tounsvi Ka Hissa (Urdu)
_aby Rizwana Begum
260 _aHyderabad
_bTanveer publishers
_c2019 ء
270 _a8-1-523/293B,Brindavan ColonyTolichowki Golconda,Tilangana ,
_bHyderabad
_e500008
_k09391301192
_l-
300 _a192 ص
_c22 Cm(Hb)
942 _2ddc
_cUR
_h840.8
_mر ض و